000 00846pam a2200277 a 4500
001 4802062
003 OSt
005 20160301185442.0
008 880617s1989 njua b 001 0 eng
010 _a 88021832
020 _a0138232873
040 _aDLC
_cDLC
_dDLC
050 0 0 _aHM51
_b.M166 1989
082 0 0 _a301
_219
_bMAC 1989
100 1 _aMacionis, John J.
_96961
245 1 0 _aSociology /
_cJohn J. Macionis.
250 _a2nd ed.
260 _aEnglewood Cliffs, N.J. :
_bPrentice-Hall,
_c1989.
300 _axxi, 671 p. :
_bCol.ill ;
_c27 cm.
500 _aIncludes indexes.
504 _aBibliography: p. 644-668.
650 0 _aSociology.
_92259
906 _a7
_bcbc
_corignew
_d1
_eocip
_f19
_gy-gencatlg
942 _2ddc
_cSLOAN
999 _c3131
_d3131